[Event "25th Abu Dhabi Master 2018"]
[Site "Abu Dhabi"]
[Date "2018.08.08"]
[Round "2"]
[White "Siva, Mahadevan"]
[Black "Srinivasa Rao, M.."]
[Result "1/2-1/2"]
[WhiteElo "2331"]
[BlackElo "2160"]
[Annotator "NA"]
[PlyCount "133"]
[EventDate "2018.08.05"]
[EventType "swiss"]
[EventCountry "UAE"]
[SourceTitle "playchess.com"]
[Source "ChessBase"]
[SourceQuality "1"]
[TimeControl "5400+30"]

1. e4 {[%emt 0:00:00]} e5 {[%emt 0:00:00]} 2. Nf3 {[%emt 0:00:00]} Nf6 {[%emt 0:00:00]} 3. Nxe5 {[%emt 0:00:22]} d6 {[%emt 0:00:04]} 4. Nf3 {[%emt 0:00:08]} Nxe4 {[%emt 0:00:09]} 5. Nc3 {[%emt 0:00:11]} Nxc3 {[%emt 0:00:08]} 6. dxc3 {[%emt 0:00:07]} Be7 {[%emt 0:00:11]} 7. Be3 {[%emt 0:00:10]} Nd7 {[%emt 0:00:40]} 8. Qd2 {[%emt 0:00:20]} Ne5 {[%emt 0:00:10]} 9. Be2 {[%emt 0:08:03]} O-O {[%emt 0:01:04]} 10. O-O-O {[%emt 0:00:12]} Ng4 {[%emt 0:01:33]} 11. Bd3 {[%emt 0:08:21]} Nxe3 {[%emt 0:00:30]} 12. Qxe3 {[%emt 0:00:02]} Re8 {[%emt 0:05:56]} 13. h4 {[%emt 0:14:34]} Bd7 {[%emt 0:04:37]} 14. Qf4 {[%emt 0:01:28]} Bf6 {[%emt 0:02:48]} 15. Kb1 {[%emt 0:21:38]} a5 {[%emt 0:15:16]} 16. g4 {[%emt 0:21:38]} Be5 {[%emt 0:03:08]} 17. Bxh7+ {[%emt 0:04:54]} Kf8 {[%emt 0:00:10]} 18. Nxe5 {[%emt 0:02:26]} dxe5 {[%emt 0:01:04]} 19. Qf3 {[%emt 0:02:58]} Qc8 {[%emt 0:02:06]} 20. Bf5 {[%emt 0:01:29]} Bxf5 {[%emt 0:00:35]} 21. gxf5 {[%emt 0:00:10]} Ra6 {[%emt 0:00:11]} 22. Rhg1 {[%emt 0:02:24]} Rh6 {[%emt 0:10:58]} 23. h5 {[%emt 0:01:28]} Rd8 {[%emt 0:02:42]} 24. Rde1 {[%emt 0:00:47]} f6 {[%emt 0:01:44]} 25. Rg6 {[%emt 0:01:59]} Qd7 {[%emt 0:01:46]} 26. Reg1 {[%emt 0:01:36]} Qd5 {[%emt 0:01:51]} 27. Qg4 {[%emt 0:05:00]} Rxg6 {[%emt 0:00:12]} 28. hxg6 {[%emt 0:00:02]} Ke7 {[%emt 0:06:45]} 29. b3 {[%emt 0:00:56]} Qc5 {[%emt 0:02:29]} 30. Qh4 {[%emt 0:00:26]} Ke8 {[%emt 0:06:48]} 31. Rh1 {[%emt 0:00:57]} Rd7 {[%emt 0:07:29]} 32. Qh8+ {[%emt 0:00:39]} Qf8 {[%emt 0:00:07]} 33. Kc1 {[%emt 0:00:22]} e4 {[%emt 0:09:53]} 34. Qxf8+ {[%emt 0:00:23]} Kxf8 {[%emt 0:00:05]} 35. Rh8+ {[%emt 0:00:01]} Ke7 {[%emt 0:00:10]} 36. Rg8 {[%emt 0:00:25]} Kd6 {[%emt 0:01:04]} 37. Re8 {[%emt 0:00:12]} Re7 {[%emt 0:00:12]} 38. Rf8 {[%emt 0:01:25]} Re5 {[%emt 0:00:33]} 39. Rf7 {[%emt 0:00:10]} Rxf5 {[%emt 0:00:07]} 40. Rxg7 {[%emt 0:00:03]} Rxf2 {[%emt 0:01:31]} 41. Rf7 {[%emt 0:01:29]} Ke6 {[%emt 0:00:37]} 42. Rxc7 {[%emt 0:00:10]} e3 {[%emt 0:00:11]} 43. Rc8 {[%emt 0:00:45]} Rg2 {[%emt 0:03:50]} 44. Re8+ {[%emt 0:00:06]} Kd7 {[%emt 0:00:28]} 45. Rxe3 {[%emt 0:00:02]} Rxg6 {[%emt 0:00:09]} 46. Kd2 {[%emt 0:00:02]} Kd6 {[%emt 0:01:34]} 47. Kd3 {[%emt 0:01:35]} Rg2 {[%emt 0:00:55]} 48. a4 {[%emt 0:00:40]} Rf2 {[%emt 0:01:40]} 49. Kc4 {[%emt 0:00:40]} Rxc2 {[%emt 0:02:53]} 50. Kb5 {[%emt 0:00:05]} Rb2 {[%emt 0:00:06]} 51. c4 {[%emt 0:00:03]} f5 {[%emt 0:01:01]} 52. Kxa5 {[%emt 0:01:03]} Kc5 {[%emt 0:00:35]} 53. Rf3 {[%emt 0:00:51]} f4 {[%emt 0:01:07]} 54. Rd3 {[%emt 0:00:01]} b6+ {[%emt 0:00:40]} 55. Ka6 {[%emt 0:00:01]} Kb4 {[%emt 0:00:11]} 56. Kxb6 {[%emt 0:00:59]} Rxb3 {[%emt 0:00:17]} 57. Rd4 {[%emt 0:00:27]} Kxa4+ {[%emt 0:01:21]} 58. Kc6 {[%emt 0:00:02]} f3 {[%emt 0:00:20]} 59. Rf4 {[%emt 0:00:59]} Ka5 {[%emt 0:00:40]} 60. c5 {[%emt 0:00:14]} Rc3 {[%emt 0:00:18]} 61. Kd6 {[%emt 0:00:58]} Kb5 {[%emt 0:00:16]} 62. Rf5 {[%emt 0:00:01]} Rd3+ {[%emt 0:00:16]} 63. Kc7 {[%emt 0:00:09]} Rc3 {[%emt 0:01:16]} 64. c6+ {[%emt 0:00:42]} Rc5 {[%emt 0:00:21]} 65. Rf6 {[%emt 0:00:25]} f2 {[%emt 0:00:13]} 66. Kb7 {[%emt 0:00:00]} Rxc6 {[%emt 0:00:00]} 67. Re6 1/2-1/2

[Event "25th Abu Dhabi Master 2018"]
[Site "Abu Dhabi"]
[Date "2018.08.08"]
[Round "2"]
[White "Mithil, Ajgaonkar"]
[Black "Thompson, Ian D"]
[Result "1-0"]
[WhiteElo "2318"]
[BlackElo "2156"]
[Annotator "NA"]
[PlyCount "99"]
[EventDate "2018.08.05"]
[EventType "swiss"]
[EventCountry "UAE"]
[SourceTitle "playchess.com"]
[Source "ChessBase"]
[SourceQuality "1"]
[TimeControl "5400+30"]

1. d4 {[%emt 0:00:08]} d5 {[%emt 0:00:00]} 2. c4 {[%emt 0:00:06]} c6 {[%emt 0:00:16]} 3. e3 {[%emt 0:00:22]} Nf6 {[%emt 0:00:48]} 4. Nc3 {[%emt 0:00:02]} e6 {[%emt 0:00:21]} 5. Nf3 {[%emt 0:00:02]} Nbd7 {[%emt 0:00:13]} 6. Qc2 {[%emt 0:00:11]} Bd6 {[%emt 0:00:31]} 7. b3 {[%emt 0:00:07]} O-O {[%emt 0:00:27]} 8. Be2 {[%emt 0:04:20]} Re8 {[%emt 0:00:24]} 9. O-O {[%emt 0:00:10]} Qe7 {[%emt 0:00:26]} 10. Bb2 {[%emt 0:00:07]} b6 {[%emt 0:00:52]} 11. Nd2 {[%emt 0:22:52]} c5 {[%emt 0:09:48]} 12. Bf3 {[%emt 0:25:24]} Bb7 {[%emt 0:01:14]} 13. Rfe1 {[%emt 0:00:25]} Rac8 {[%emt 0:03:43]} 14. Rad1 {[%emt 0:15:28]} Bb8 {[%emt 0:20:43]} 15. Nf1 {[%emt 0:04:12]} Nf8 {[%emt 0:01:51]} 16. cxd5 {[%emt 0:02:46]} exd5 {[%emt 0:03:28]} 17. dxc5 {[%emt 0:03:09]} Qxc5 {[%emt 0:01:08]} 18. Qf5 {[%emt 0:10:51]} Be5 {[%emt 0:07:39]} 19. Na4 {[%emt 0:06:55]} Qd6 {[%emt 0:00:44]} 20. Bxe5 {[%emt 0:01:30]} Rxe5 {[%emt 0:00:02]} 21. Qb1 {[%emt 0:00:45]} Qe7 {[%emt 0:05:24]} 22. Ng3 {[%emt 0:00:19]} Ne4 {[%emt 0:02:49]} 23. Qa1 {[%emt 0:00:47]} b5 {[%emt 0:04:36]} 24. Nb2 {[%emt 0:00:01]} Qf6 {[%emt 0:24:56]} 25. Nd3 {[%emt 0:00:16]} Ree8 {[%emt 0:00:34]} 26. Qxf6 {[%emt 0:00:25]} Nxf6 {[%emt 0:00:02]} 27. Nf5 {[%emt 0:00:23]} Rcd8 {[%emt 0:03:52]} 28. Nc5 {[%emt 0:00:15]} Bc8 {[%emt 0:00:30]} 29. Nd4 {[%emt 0:00:52]} a6 {[%emt 0:00:19]} 30. Nd3 {[%emt 0:01:09]} Ne6 {[%emt 0:03:11]} 31. Nc6 {[%emt 0:00:06]} Rd6 {[%emt 0:00:16]} 32. Ndb4 {[%emt 0:00:32]} Bd7 {[%emt 0:01:58]} 33. Nd4 {[%emt 0:01:00]} g6 {[%emt 0:00:34]} 34. h4 {[%emt 0:00:15]} a5 {[%emt 0:00:53]} 35. Nd3 {[%emt 0:00:40]} Nxd4 {[%emt 0:00:31]} 36. exd4 {[%emt 0:00:02]} Ne4 {[%emt 0:00:59]} 37. Rc1 {[%emt 0:00:59]} b4 {[%emt 0:01:16]} 38. Rc7 {[%emt 0:00:25]} Rc8 {[%emt 0:01:00]} 39. Rec1 {[%emt 0:00:39]} Nc3 {[%emt 0:00:17]} 40. Rxc8+ {[%emt 0:00:05]} Bxc8 {[%emt 0:00:01]} 41. a3 {[%emt 0:00:19]} Bf5 {[%emt 0:00:44]} 42. axb4 {[%emt 0:00:55]} axb4 {[%emt 0:01:02]} 43. Nxb4 {[%emt 0:00:09]} Nb5 {[%emt 0:00:29]} 44. Nc6 {[%emt 0:00:29]} Be4 {[%emt 0:00:36]} 45. Be2 {[%emt 0:00:22]} Na3 {[%emt 0:00:11]} 46. Rc5 {[%emt 0:01:11]} Kg7 {[%emt 0:00:39]} 47. b4 {[%emt 0:00:28]} Nc2 {[%emt 0:00:38]} 48. b5 {[%emt 0:00:26]} Rd7 {[%emt 0:00:32]} 49. f3 {[%emt 0:00:11]} Bf5 {[%emt 0:00:27]} 50. g4 {[%emt 0:00:07]} 1-0

[Event "25th Abu Dhabi Master 2018"]
[Site "Abu Dhabi"]
[Date "2018.08.08"]
[Round "2"]
[White "Kigigha, Bomo"]
[Black "Michelle Catherina, P."]
[Result "1-0"]
[WhiteElo "2317"]
[BlackElo "2153"]
[Annotator "NA"]
[PlyCount "127"]
[EventDate "2018.08.05"]
[EventType "swiss"]
[EventCountry "UAE"]
[SourceTitle "playchess.com"]
[Source "ChessBase"]
[SourceQuality "1"]
[TimeControl "5400+30"]

1. c4 Nf6 {[%emt 0:03:28]} 2. g3 {[%emt 0:00:00]} e6 {[%emt 0:00:55]} 3. Nf3 {[%emt 0:00:00]} d5 {[%emt 0:00:09]} 4. Bg2 {[%emt 0:00:00]} dxc4 {[%emt 0:00:12]} 5. Na3 {[%emt 0:02:15]} Bxa3 {[%emt 0:03:41]} 6. Qa4+ {[%emt 0:00:28]} b5 {[%emt 0:11:06]} 7. Qxa3 {[%emt 0:00:06]} Bb7 {[%emt 0:01:04]} 8. b3 {[%emt 0:06:56]} cxb3 {[%emt 0:03:39]} 9. Qxb3 {[%emt 0:00:08]} a6 {[%emt 0:07:36]} 10. a4 {[%emt 0:09:32]} Bd5 {[%emt 0:06:36]} 11. Qb1 {[%emt 0:00:19]} Nbd7 {[%emt 0:07:39]} 12. O-O {[%emt 0:08:51]} Rb8 {[%emt 0:03:49]} 13. axb5 {[%emt 0:04:38]} axb5 {[%emt 0:01:30]} 14. d3 {[%emt 0:00:05]} O-O {[%emt 0:06:22]} 15. e4 {[%emt 0:01:41]} Ba8 {[%emt 0:03:15]} 16. Ra7 {[%emt 0:08:55]} Re8 {[%emt 0:06:48]} 17. Bf4 {[%emt 0:09:48]} e5 {[%emt 0:01:29]} 18. Be3 {[%emt 0:00:06]} c5 {[%emt 0:03:37]} 19. Qb3 {[%emt 0:02:09]} Qb6 {[%emt 0:13:18]} 20. Rfa1 {[%emt 0:05:15]} Bb7 {[%emt 0:07:02]} 21. Bh3 {[%emt 0:09:33]} h6 {[%emt 0:00:54]} 22. R1a5 {[%emt 0:02:39]} Bc8 {[%emt 0:00:50]} 23. Nh4 {[%emt 0:02:20]} Qc6 {[%emt 0:01:31]} 24. Nf5 {[%emt 0:03:58]} c4 {[%emt 0:03:14]} 25. Qb4 {[%emt 0:01:55]} cxd3 {[%emt 0:01:07]} 26. Ne7+ {[%emt 0:03:54]} Rxe7 {[%emt 0:00:04]} 27. Qxe7 {[%emt 0:00:02]} Bb7 {[%emt 0:01:05]} 28. Qb4 {[%emt 0:05:58]} Bc8 {[%emt 0:01:23]} 29. Ra1 {[%emt 0:00:18]} Nf8 {[%emt 0:00:34]} 30. Rc1 {[%emt 0:03:11]} Qe8 {[%emt 0:00:30]} 31. Re7 {[%emt 0:00:10]} Qd8 {[%emt 0:00:30]} 32. Bxc8 {[%emt 0:00:19]} Rxc8 {[%emt 0:00:25]} 33. Rxc8 {[%emt 0:00:12]} Qxc8 {[%emt 0:00:01]} 34. Rxe5 {[%emt 0:01:00]} Qc4 {[%emt 0:01:03]} 35. Rxb5 {[%emt 0:03:52]} Qxe4 {[%emt 0:00:17]} 36. Qxe4 {[%emt 0:00:34]} Nxe4 {[%emt 0:00:02]} 37. Rd5 {[%emt 0:00:10]} d2 {[%emt 0:01:08]} 38. f3 {[%emt 0:01:20]} Nf6 {[%emt 0:00:32]} 39. Rxd2 {[%emt 0:00:09]} Ne6 {[%emt 0:00:10]} 40. Bd4 {[%emt 0:01:48]} Nxd4 {[%emt 0:00:51]} 41. Rxd4 {[%emt 0:00:02]} g6 {[%emt 0:00:24]} 42. Rd8+ {[%emt 0:00:50]} Kg7 {[%emt 0:00:05]} 43. g4 {[%emt 0:00:25]} Nh7 {[%emt 0:00:58]} 44. Kf2 {[%emt 0:02:25]} Ng5 {[%emt 0:00:14]} 45. Ra8 {[%emt 0:00:16]} Kf6 {[%emt 0:00:42]} 46. Kg3 {[%emt 0:00:25]} Ne6 {[%emt 0:00:25]} 47. f4 {[%emt 0:00:29]} Nd4 {[%emt 0:00:33]} 48. Ra6+ {[%emt 0:00:23]} Ne6 {[%emt 0:00:36]} 49. h4 {[%emt 0:00:49]} Kg7 {[%emt 0:00:33]} 50. f5 {[%emt 0:01:11]} gxf5 {[%emt 0:00:21]} 51. gxf5 {[%emt 0:00:07]} Nc5 {[%emt 0:00:19]} 52. Rc6 {[%emt 0:00:49]} Nd7 {[%emt 0:00:44]} 53. Kf4 {[%emt 0:01:03]} Nf6 {[%emt 0:00:30]} 54. Ra6 {[%emt 0:00:40]} Nd7 {[%emt 0:00:29]} 55. Rc6 {[%emt 0:01:13]} Nf6 {[%emt 0:00:29]} 56. Rc1 {[%emt 0:00:53]} Nd7 {[%emt 0:00:29]} 57. Rd1 {[%emt 0:00:05]} Nb6 {[%emt 0:00:39]} 58. Rd4 {[%emt 0:01:09]} Nc8 {[%emt 0:00:31]} 59. Ke5 {[%emt 0:00:09]} h5 {[%emt 0:00:27]} 60. Rb4 {[%emt 0:00:42]} Kh7 {[%emt 0:00:34]} 61. Rb8 {[%emt 0:00:48]} Ne7 {[%emt 0:00:29]} 62. Kf6 {[%emt 0:00:40]} Nd5+ {[%emt 0:00:18]} 63. Kxf7 {[%emt 0:00:21]} Ne3 {[%emt 0:00:06]} 64. Kf6 {[%emt 0:00:15]} 1-0

[Event "25th Abu Dhabi Master 2018"]
[Site "Abu Dhabi"]
[Date "2018.08.08"]
[Round "2"]
[White "Bhakti, Kulkarni"]
[Black "Salem, A.R. Saleh"]
[Result "0-1"]
[WhiteElo "2312"]
[BlackElo "2636"]
[Annotator "TA"]
[PlyCount "70"]
[EventDate "2018.08.05"]
[EventType "swiss"]
[EventCountry "UAE"]
[SourceTitle "playchess.com"]
[Source "ChessBase"]
[SourceQuality "1"]

{[%evp 23,70,-10,-8,-23,0,-26,-20,-26,0,0,3,-7,0,-47,-58,-115,-107,-106,-102,-106,0,-255,-117,-108,-118,-125,-112,-164,-164,-152,-160,-632,-623,-583,-583,-582,-493,-547,-493,-493,-489,-6130,-6130,-6130,-6130,-2412,-1831,-3064,-2329]} 1. d4 Nf6 2. c4 e6 3. Nc3 Bb4 4. e3 O-O 5. Nge2 d5 6. a3 Be7 7. cxd5 exd5 8. Nf4 c6 9. Bd3 Re8 10. O-O Bd6 11. Qc2 {E46: Nimzo-Indian: Rubinstein: 4 e3 0-0 5 Ne2 without early Bd3} (11. f3 Na6 12. Bc2 Bxf4 13. exf4 Nc7 14. f5 b6 15. Bf4 Bb7 16. Qd2 Re7 17. g4 Nfe8 18. Rf2 f6 {1-0 (30) Bocharov,D (2560)-Anand,V (2803) Berlin 2015}) 11... Nbd7 12. Bd2 Nf8 {LiveBook: 3 Games} 13. Rfe1 {The position is equal.} Bd7 $146 ({Predecessor:} 13... Ne6 14. Nxe6 Bxe6 15. h3 Bc7 16. Rac1 a6 17. f4 g6 {1-0 (45) Cuellar Gacharna,M-Sanguineti,R Mar del Plata 1957}) 14. Rad1 Qc7 15. h3 Re7 16. Rc1 Rc8 17. b4 Qb8 18. Qb3 Rce8 19. Red1 (19. b5 $15) 19... g5 $17 20. Nfe2 g4 21. hxg4 Nxg4 (21... Bh2+ $17 22. Kf1 Nxg4) 22. Nf4 $2 {[%mdl 8192]} (22. g3 $1 $11 {and White stays safe.}) 22... Ng6 (22... Bxf4 $1 $19 {is more deadly.} 23. exf4 Qd6) 23. Nce2 Bxf4 24. Nxf4 {[#]} Qd6 $1 {Hoping for ...Nxf4.} 25. Bf1 (25. Bxg6 $17 {is a better defense.} fxg6 26. b5) 25... Nxf4 $19 26. exf4 {[#]} Re3 $3 $40 {[%mdl 640] White is in trouble.} 27. Bxe3 $2 (27. Qxe3 $17 Nxe3 28. Bxe3) 27... Qh6 {[%csl Gg4][%cal Rh6h2] Black is clearly winning.} 28. Ba6 bxa6 29. Rc3 Qh2+ 30. Kf1 {White hopes to continue with Re1.} h5 (30... Qh1+ $2 31. Ke2 $19) 31. f3 Rxe3 32. Rxe3 (32. fxg4 $142 Rxc3 33. Qxc3 Qh1+ 34. Kf2 Qxd1 35. gxh5) 32... Qh1+ 33. Ke2 Qxg2+ 34. Kd3 Bf5+ 35. Kc3 Nxe3 {Precision: White = 28%, Black = 57%.} 0-1

[Event "25th Abu Dhabi Master 2018"]
[Site "Abu Dhabi"]
[Date "2018.08.08"]
[Round "2"]
[White "Gupta, Sankalp"]
[Black "Karthikeyan, Murali"]
[Result "0-1"]
[WhiteElo "2304"]
[BlackElo "2609"]
[Annotator "TA"]
[PlyCount "64"]
[EventDate "2018.08.05"]
[EventType "swiss"]
[EventCountry "UAE"]
[SourceTitle "playchess.com"]
[Source "ChessBase"]
[SourceQuality "1"]

{[%evp 18,64,-4,-1,-10,-16,-10,0,-1,-6,-14,-19,-18,-26,-28,-35,0,0,1,-112,-133,-114,-117,-137,-108,-127,-129,-117,-123,-135,-134,-155,-143,-309,-308,-316,-312,-317,-316,-307,-320,-292,-297,-665,-708,-709,-663,-29994,-29995]} 1. d4 Nf6 2. Nf3 g6 3. Bg5 Bg7 4. Nbd2 d5 5. e3 h6 6. Bh4 {D03: 1 d4 d5 2 Nf3 Nf6 3 Bg5, including Torre Attack with early ...d5} c5 (6... Bf5 7. Bd3 Bxd3 8. cxd3 O-O 9. O-O c6 10. Rc1 Qb6 11. Qb3 Nbd7 12. Ne5 Rfe8 13. Bg3 {1-0 (30) So,W (2815)-Giri,A (2785) chess.com INT 2017}) 7. c3 cxd4 8. exd4 O-O 9. Be2 $146 ({Predecessor:} 9. Bd3 b6 10. O-O Ba6 11. Bxa6 Nxa6 12. Ne5 Nc7 13. Re1 e6 14. Qf3 {½-½ (79) Chubar,V (2010)-Shcherbin,M (2366) Pardubice 2017}) 9... Nc6 10. O-O {LiveBook: 4 Games} Ne4 11. Nxe4 dxe4 12. Nd2 f5 13. f4 Be6 14. Kh1 Rc8 15. Nb3 b6 16. Qd2 a5 {[%cal Ba7a5,Ba5a4][%mdl 32]} 17. Rad1 {d5 is the strong threat.} Qc7 18. Bf2 (18. Qe3 $1 $11 {keeps the balance.} Rcd8 19. g4 $1 {[%mdl 512]}) 18... a4 $17 19. Nc1 Na5 20. a3 Rcd8 21. Be3 Nc4 22. Bxc4 Bxc4 23. Rf2 {[#]} e5 $1 {[%mdl 512]} 24. fxe5 {[#]} (24. dxe5 Rxd2) 24... g5 $1 {aiming for ...f4.} 25. Qc2 $2 (25. Ne2 $17 {is a better defense.}) 25... f4 $19 26. Qxe4 {Black should prevent Bd2.} Bd5 ({But not} 26... fxe3 27. Rxf8+ Rxf8 28. Qxe3 $19) 27. Qd3 {Threatening Bd2.} fxe3 28. Rxf8+ Rxf8 {[%cal Bd8f8,Bf8f3,Bf3h3][%mdl 32]} 29. Qxe3 Qc8 30. Ne2 $2 (30. Qd2) 30... Qg4 {[%csl Gd5][%cal Rg4g2]} 31. Rg1 {[#]} Rf3 $1 {[%mdl 512]} 32. Qc1 (32. gxf3 Bxf3+) 32... Rh3 {Precision: White = 40%, Black = 82%.} 0-1

[Event "25th Abu Dhabi Master 2018"]
[Site "Abu Dhabi"]
[Date "2018.08.08"]
[Round "2"]
[White "Hamidi, Amir Mohammad"]
[Black "Moayed, Obied"]
[Result "1-0"]
[WhiteElo "2299"]
[BlackElo "2146"]
[Annotator "NA"]
[PlyCount "131"]
[EventDate "2018.08.05"]
[EventType "swiss"]
[EventCountry "UAE"]
[SourceTitle "playchess.com"]
[Source "ChessBase"]
[SourceQuality "1"]
[TimeControl "5400+30"]

1. d4 {[%emt 0:00:00]} d5 {[%emt 0:02:29]} 2. c4 {[%emt 0:00:00]} e6 {[%emt 0:00:11]} 3. Nc3 {[%emt 0:00:00]} Be7 {[%emt 0:00:15]} 4. Nf3 {[%emt 0:00:00]} Nf6 {[%emt 0:00:06]} 5. Bg5 {[%emt 0:00:00]} h6 {[%emt 0:00:13]} 6. Bh4 {[%emt 0:00:01]} O-O {[%emt 0:01:58]} 7. e3 {[%emt 0:01:09]} Ne4 {[%emt 0:00:11]} 8. Bxe7 {[%emt 0:03:19]} Qxe7 {[%emt 0:00:46]} 9. Qc2 {[%emt 0:00:50]} Nxc3 {[%emt 0:00:44]} 10. Qxc3 {[%emt 0:00:14]} dxc4 {[%emt 0:01:49]} 11. Bxc4 {[%emt 0:05:41]} b6 {[%emt 0:00:23]} 12. O-O {[%emt 0:00:49]} Bb7 {[%emt 0:00:52]} 13. Be2 {[%emt 0:00:10]} c5 {[%emt 0:04:53]} 14. dxc5 {[%emt 0:02:32]} Rc8 {[%emt 0:03:15]} 15. b4 {[%emt 0:01:14]} bxc5 {[%emt 0:04:00]} 16. b5 {[%emt 0:06:18]} Nd7 {[%emt 0:02:35]} 17. a4 {[%emt 0:02:47]} Nf6 {[%emt 0:06:29]} 18. a5 {[%emt 0:10:13]} Ne4 {[%emt 0:08:29]} 19. Qa3 {[%emt 0:06:17]} Qf6 {[%emt 0:07:48]} 20. Rac1 {[%emt 0:13:32]} Rd8 {[%emt 0:12:28]} 21. Rc2 {[%emt 0:10:17]} Rac8 {[%emt 0:15:54]} 22. Rfc1 {[%emt 0:08:10]} Rc7 {[%emt 0:14:40]} 23. Qb2 {[%emt 0:02:43]} Rcd7 {[%emt 0:02:18]} 24. Qxf6 {[%emt 0:00:45]} gxf6 {[%emt 0:01:57]} 25. Ne1 {[%emt 0:02:31]} Nd2 {[%emt 0:02:10]} 26. Rb2 {[%emt 0:03:13]} c4 {[%emt 0:03:14]} 27. a6 {[%emt 0:06:20]} Ba8 {[%emt 0:00:46]} 28. f3 {[%emt 0:01:03]} Rc7 {[%emt 0:01:21]} 29. Rbc2 {[%emt 0:01:29]} Nb3 {[%emt 0:01:30]} 30. Rb1 {[%emt 0:00:57]} Nd2 {[%emt 0:00:29]} 31. Rbc1 {[%emt 0:07:00]} Nb3 {[%emt 0:00:08]} 32. Rxc4 {[%emt 0:03:49]} Nxc1 {[%emt 0:00:09]} 33. Rxc7 {[%emt 0:00:05]} Nxe2+ {[%emt 0:00:05]} 34. Kf1 {[%emt 0:01:16]} Bd5 {[%emt 0:01:48]} 35. Kxe2 {[%emt 0:00:09]} Rb8 {[%emt 0:00:14]} 36. e4 {[%emt 0:00:54]} Bb3 {[%emt 0:00:03]} 37. Rb7 {[%emt 0:00:46]} Rd8 {[%emt 0:00:10]} 38. Ke3 {[%emt 0:00:29]} Bc4 {[%emt 0:00:37]} 39. b6 {[%emt 0:00:44]} Bxa6 {[%emt 0:01:19]} 40. Rxa7 {[%emt 0:00:07]} Bb5 {[%emt 0:00:13]} 41. Ra5 {[%emt 0:00:52]} Bc6 {[%emt 0:00:22]} 42. Rc5 {[%emt 0:00:11]} Rd6 {[%emt 0:00:51]} 43. Nd3 {[%emt 0:01:45]} Bb7 {[%emt 0:00:41]} 44. Rb5 {[%emt 0:00:08]} Kf8 {[%emt 0:00:36]} 45. Nc5 {[%emt 0:00:08]} Bc6 {[%emt 0:00:29]} 46. b7 {[%emt 0:00:09]} Bxb7 {[%emt 0:00:10]} 47. Rxb7 {[%emt 0:00:07]} Kg7 {[%emt 0:00:29]} 48. Nd3 {[%emt 0:00:44]} Ra6 {[%emt 0:00:26]} 49. Kf2 {[%emt 0:00:09]} Ra3 {[%emt 0:00:31]} 50. Nf4 {[%emt 0:00:06]} Ra2+ {[%emt 0:00:15]} 51. Kg3 {[%emt 0:00:05]} Ra6 {[%emt 0:00:11]} 52. Rb8 {[%emt 0:00:30]} Ra5 {[%emt 0:00:24]} 53. Kh4 {[%emt 0:00:07]} f5 {[%emt 0:00:50]} 54. Nh5+ {[%emt 0:00:34]} Kh7 {[%emt 0:00:27]} 55. e5 {[%emt 0:02:08]} Rxe5 {[%emt 0:00:35]} 56. Rf8 {[%emt 0:00:06]} Re2 {[%emt 0:00:49]} 57. Rxf7+ {[%emt 0:00:08]} Kg8 {[%emt 0:00:11]} 58. Rg7+ {[%emt 0:00:05]} Kf8 {[%emt 0:00:41]} 59. Kg3 {[%emt 0:01:09]} e5 {[%emt 0:00:49]} 60. Rg6 {[%emt 0:00:10]} e4 {[%emt 0:00:40]} 61. Rf6+ {[%emt 0:00:08]} Kg8 {[%emt 0:00:06]} 62. Rxf5 {[%emt 0:00:05]} exf3 {[%emt 0:00:34]} 63. Rxf3 {[%emt 0:00:12]} Ra2 {[%emt 0:00:21]} 64. Rb3 {[%emt 0:01:18]} Kh8 {[%emt 0:00:25]} 65. Rb7 {[%emt 0:00:18]} Ra6 {[%emt 0:00:40]} 66. Kf4 {[%emt 0:00:16]} 1-0

[Event "25th Abu Dhabi Master 2018"]
[Site "Abu Dhabi"]
[Date "2018.08.08"]
[Round "2"]
[White "Shailesh, Dravid"]
[Black "Sarvesh Kumar, A."]
[Result "1-0"]
[WhiteElo "2290"]
[BlackElo "2145"]
[Annotator "NA"]
[PlyCount "86"]
[EventDate "2018.08.05"]
[EventType "swiss"]
[EventCountry "UAE"]
[SourceTitle "playchess.com"]
[Source "ChessBase"]
[SourceQuality "1"]
[TimeControl "5400+30"]

1. e4 e5 2. Nf3 Nc6 3. Bb5 a6 4. Ba4 Nf6 5. O-O Be7 6. Re1 b5 7. Bb3 d6 8. c3 O-O 9. h3 Re8 10. d4 Bb7 11. Nbd2 Bf8 12. a3 h6 13. Bc2 Nb8 14. b3 Nbd7 15. a4 g6 16. Bd3 c6 17. Qc2 Qb6 18. Bb2 Nh5 19. c4 Nf4 20. Bf1 Bg7 21. a5 Qd8 22. g3 Ne6 23. d5 cxd5 24. exd5 Nc7 25. Ne4 Nf6 26. Nc3 Rc8 27. Qd2 bxc4 28. bxc4 Ne6 29. dxe6 Bxf3 30. exf7+ Kxf7 31. Nd5 Rc5 32. Nb6 Qc7 33. Ba3 Rc6 34. c5 d5 35. Bxa6 Rd8 36. Bb5 Re6 37. c6 e4 38. Rac1 Re5 39. Qf4 Kg8 40. Qxe5 Qxe5 41. c7 Qh5 42. cxd8=Q+ Kh7 43. Bf1 Bg4 1-0